Statistics for Homesick by Noah Kahan - Lyrics Quiz

Click here to take the quiz!

General Stats

  • This quiz has been taken 527 times
    (343 since last reset)
  • The average score is 180 of 233

Answer Stats

Answer% Correct
i
98%
a
94%
the
94%
in
92%
and
90%
if
90%
i'm
90%
been
89%
of
88%
you
88%
home
87%
that
85%
got
83%
homesick
83%
make
83%
so
83%
have
81%
since
80%
up
80%
grew
79%
month
79%
my
79%
here
78%
weather
78%
ago
77%
because
77%
how
77%
is
77%
New
77%
are
76%
England
76%
mean
76%
bad
75%
could
75%
ain't
74%
back
74%
bored
74%
bullshit
74%
from
74%
move
74%
only
74%
reason
74%
yet?
74%
you're
74%
find
73%
won
73%
believe
72%
distance
72%
gold
72%
into
72%
Olympic
72%
runner
72%
Boston
71%
every
71%
fuck
71%
some
71%
tired
71%
two
71%
but
70%
for
70%
guy
70%
months
70%
roads
70%
they
70%
away
69%
can't
69%
don't
69%
great
69%
know
69%
lot
69%
sense
69%
summer
69%
this
69%
years
69%
after
68%
caught
68%
makes
68%
motivation
68%
myself
68%
named
68%
photograph
68%
place
68%
such
68%
taken
68%
them
68%
Bombers
67%
die
67%
dreams
67%
eight
67%
friend's
67%
grandfathers
67%
high
67%
house
67%
motherfuckers
67%
school
67%
hibernation
66%
leave
66%
anyone
65%
dirt
65%
rest
65%
spend
65%
tryna
65%
would
65%
masochistic
64%
still
64%
what
64%
will
64%
life
63%
then
62%
it's
61%
time
61%
damn
60%
feel
60%
that's
60%
slow
59%
stopped
59%
with
59%
'bout
58%
caring
58%
moves
58%
organs
58%
smooth
58%
failin'
57%
sailin'
57%
could've
56%
swear
54%
well
51%

Score Distribution

Percentile by Number Answered

Percent of People with Each Score

Your Score History

You have not taken this quiz since the last reset